<?xml version="1.0" encoding="UTF-8"?><?xml-stylesheet type="text/xsl" href="static/style.xsl"?><OAI-PMH xmlns="http://www.openarchives.org/OAI/2.0/" xmlns:xsi="http://www.w3.org/2001/XMLSchema-instance" xsi:schemaLocation="http://www.openarchives.org/OAI/2.0/ http://www.openarchives.org/OAI/2.0/OAI-PMH.xsd"><responseDate>2026-04-13T02:42:10Z</responseDate><request verb="GetRecord" identifier="oai:www.recercat.cat:2445/109511" metadataPrefix="marc">https://recercat.cat/oai/request</request><GetRecord><record><header><identifier>oai:recercat.cat:2445/109511</identifier><datestamp>2025-11-20T11:15:13Z</datestamp><setSpec>com_2072_1057</setSpec><setSpec>col_2072_478787</setSpec><setSpec>col_2072_478917</setSpec></header><metadata><record xmlns="http://www.loc.gov/MARC21/slim" xmlns:dcterms="http://purl.org/dc/terms/" xmlns:xsi="http://www.w3.org/2001/XMLSchema-instance" xmlns:doc="http://www.lyncode.com/xoai" xsi:schemaLocation="http://www.loc.gov/MARC21/slim http://www.loc.gov/standards/marcxml/schema/MARC21slim.xsd">
   <leader>00925njm 22002777a 4500</leader>
   <datafield ind2=" " ind1=" " tag="042">
      <subfield code="a">dc</subfield>
   </datafield>
   <datafield ind2=" " ind1=" " tag="720">
      <subfield code="a">Plana, Ma. José (María José)</subfield>
      <subfield code="e">author</subfield>
   </datafield>
   <datafield ind2=" " ind1=" " tag="720">
      <subfield code="a">Lecuona Ramírez, Itziar de</subfield>
      <subfield code="e">author</subfield>
   </datafield>
   <datafield ind2=" " ind1=" " tag="260">
      <subfield code="c">2017-04-07T09:48:56Z</subfield>
   </datafield>
   <datafield ind2=" " ind1=" " tag="260">
      <subfield code="c">2017-04-07T09:48:56Z</subfield>
   </datafield>
   <datafield ind2=" " ind1=" " tag="260">
      <subfield code="c">2017-03</subfield>
   </datafield>
   <datafield ind2=" " ind1=" " tag="520">
      <subfield code="a">[cat] L’Observatori de Bioètica i Dret (OBD) inicia amb aquest document sobre&#xd;
les qüestions ètiques, juridiques i polítiques a l’entorn de la informació alimentària&#xd;
una nova línia de documents que tracten les implicacions ètiques,&#xd;
jurídiques i socials dels temes alimentaris, per la importància creixent que&#xd;
tenen i per la seva relació amb la bioètica i els drets humans.&#xd;
La finalitat és incidir en les polítiques públiques i en el debat social informat&#xd;
sobre els reptes bioètics que plantegen el sistema alimentari actual i&#xd;
la seva evolució; atenent, en particular, al paper que la innovació i les tecnologies&#xd;
de la informació tindran en la seguretat, qualitat i sostenibilitat efectives&#xd;
del sistema, i en especial pel que fa a la comunicació i la percepció dels&#xd;
riscos per part dels ciutadans.&#xd;
El Grup d’Opinió de l’Observatori de Bioètica i Dret es va constituir el&#xd;
1996 sota la direcció de la Dra. María Casado i té entre els seus objectius&#xd;
incidir en el diàleg entre la universitat i la societat mitjançant la transmissió&#xd;
del coneixement cientificotècnic i els arguments necessaris per participar en&#xd;
un debat social informat. Amb la publicació d’aquest document sobre informació&#xd;
alimentària ja són vint-i-cinc els documents que han tractat temes&#xd;
d’actualitat sobre els quals no existeix una opinió unànime, ni en la societat&#xd;
ni en les diferents comunitats científiques implicades. Això ha requerit identificar&#xd;
els problemes, contrastar els arguments i proposar recomanacions de&#xd;
consens.&#xd;
En aquest document, centrat en les qüestions bioètiques que tenen a&#xd;
veure amb la informació alimentària, el Grup d’Opinió vol posar de manifest&#xd;
la desconnexió existent entre l’actual política d’informació alimentària,&#xd;
basada en l’etiquetatge i la difusió indiscriminada d’informació alimentària&#xd;
que suporta el consumidor, així com les conseqüències que aquesta situació&#xd;
té sobre les eleccions alimentàries individuals, la salut pública i la perpetuació&#xd;
de pràctiques productives i patrons de consum ambientalment i&#xd;
socialment insostenibles.</subfield>
   </datafield>
   <datafield ind2=" " ind1=" " tag="520">
      <subfield code="a">[spa] El Observatorio de Bioética y Derecho (OBD), con este documento sobre&#xd;
las cuestiones éticas y jurídico-políticas relacionadas con la información alimentaria,&#xd;
inicia una nueva línea de documentos acerca de las implicaciones&#xd;
éticas, jurídicas y sociales de los temas alimentarios, dada su importancia creciente&#xd;
y su relación con la bioética y los derechos humanos.&#xd;
La finalidad es incidir en las políticas públicas y en el debate social informado&#xd;
sobre los retos bioéticos que plantea el sistema alimentario actual y&#xd;
su evolución, atendiendo, en particular, al papel que van a jugar la innovación&#xd;
y las tecnologías de la información en la seguridad, la calidad y la sostenibilidad&#xd;
efectiva del sistema, y especialmente a la comunicación y percepción&#xd;
de los riesgos por parte de los ciudadanos.&#xd;
El Grupo de Opinión del OBD que ha elaborado este documento se&#xd;
constituyó en 1996 bajo la dirección de la Dra. María Casado. Entre sus objetivos&#xd;
se encuentra incidir en el diálogo entre la universidad y la sociedad&#xd;
mediante la transmisión del conocimiento científico-técnico y los argumentos&#xd;
necesarios para participar en un debate social informado. Con la publicación&#xd;
de este documento sobre información alimentaria, se han elaborado ya&#xd;
veinticinco documentos relacionados con temas de actualidad y sobre los que&#xd;
no existe una opinión unánime ni en la sociedad ni en las diversas comunidades&#xd;
científicas implicadas, hecho que ha requerido identificar los problemas,&#xd;
contrastar los argumentos y proponer recomendaciones de consenso.&#xd;
En este documento, centrado en las cuestiones bioéticas relativas a la información&#xd;
alimentaria, se quiere poner de manifiesto la desconexión que&#xd;
existe entre la actual política de información alimentaria basada en el etiquetado&#xd;
y la difusión indiscriminada de información alimentaria que soporta el&#xd;
consumidor, así como las consecuencias que esta situación tiene en las elecciones&#xd;
alimentarias individuales, la salud pública y la perpetuación de prácticas&#xd;
productivas y patrones de consumo ambiental y socialmente insostenibles.</subfield>
   </datafield>
   <datafield ind2=" " ind1=" " tag="520">
      <subfield code="a">[eng] With this document on food information: ethical, legal and policy issues, the&#xd;
Bioethics and Law Observatory (OBD) initiates a new line of publications&#xd;
on the ethical, legal and social implications of food-related issues, given&#xd;
their increasing importance and their relationship to bioethics and human&#xd;
rights. The aim of this work is to influence public policy and inform social debate&#xd;
on the bioethical challenges posed by the current food system and its&#xd;
evolution. In particular, the document takes into account the role that innovation&#xd;
and information technologies will play in the safety, quality and&#xd;
sustainability of the system. It addresses specifically communication-related&#xd;
issues and public perception of risks associated with foods.&#xd;
The “Opinion Group” of the OBD that has prepared this document was&#xd;
constituted in 1996 under the leadership of Dr. María Casado. Among its&#xd;
objectives is to influence the dialogue between the university and society&#xd;
through the transference of scientific-technical knowledge and the analysis&#xd;
of arguments needed to participate in informed social debate. With the&#xd;
publication of this document on food information, twenty-five documents&#xd;
have now been published concerning current issues on which no agreed&#xd;
upon consensus in society or in the various scientific communities involved&#xd;
exists. This has required identifying problems, comparing perspectives and&#xd;
proposing consensus-based recommendations.&#xd;
This document focuses on bioethical issues related to food information&#xd;
and highlights the disconnect between current food information policy&#xd;
based on labelling and the indiscriminate dissemination of food information&#xd;
available to the consumer through different channels. It also identifies the&#xd;
consequences of this disconnect on individual food choices, public health&#xd;
and the perpetuation of environmentally and socially unsustainable production&#xd;
practices and patterns of consumption.</subfield>
   </datafield>
   <datafield tag="653" ind2=" " ind1=" ">
      <subfield code="a">Aliments</subfield>
   </datafield>
   <datafield tag="653" ind2=" " ind1=" ">
      <subfield code="a">Indústria alimentària</subfield>
   </datafield>
   <datafield tag="653" ind2=" " ind1=" ">
      <subfield code="a">Consum d'aliments</subfield>
   </datafield>
   <datafield tag="653" ind2=" " ind1=" ">
      <subfield code="a">Bioètica</subfield>
   </datafield>
   <datafield tag="653" ind2=" " ind1=" ">
      <subfield code="a">Food</subfield>
   </datafield>
   <datafield tag="653" ind2=" " ind1=" ">
      <subfield code="a">Food industry</subfield>
   </datafield>
   <datafield tag="653" ind2=" " ind1=" ">
      <subfield code="a">Food consumption</subfield>
   </datafield>
   <datafield tag="653" ind2=" " ind1=" ">
      <subfield code="a">Bioethics</subfield>
   </datafield>
   <datafield ind2="0" ind1="0" tag="245">
      <subfield code="a">Informació alimentària: qüestions ètiques, jurídiques i polítiques</subfield>
   </datafield>
   <datafield ind2="0" ind1="0" tag="245">
      <subfield code="a">Información alimentaria: cuestiones éticas y jurídico-política</subfield>
   </datafield>
   <datafield ind2="0" ind1="0" tag="245">
      <subfield code="a">Food information: ethical, legal and policy issues</subfield>
   </datafield>
</record></metadata></record></GetRecord></OAI-PMH>